书目信息 |
| 题名: |
美丽水景
|
|
| 作者: | 布里奇沃特 , 布里奇沃特 著 ;章小宇 , 孔红秋 , 赵科红 译 | |
| 分册: | ||
| 出版信息: | 长沙 湖南科学技术出版社 2007.04 |
|
| 页数: | 77页 | |
| 开本: | 29cm | |
| 丛书名: | DIY巧手园艺系列 | |
| 单 册: | ||
| 中图分类: | TU986.4 | |
| 科图分类: | ||
| 主题词: | 理水 (园林)--li shui(yuan lin)--景观设计--基本知识 | |
| 电子资源: | ||
| ISBN: | 978-7-5357-4831-7 | |
| 000 | 01309nam 2200325 450 | |
| 001 | 012007823843 | |
| 005 | 20070924112029.76 | |
| 010 | @a978-7-5357-4831-7@dCNY28.00 | |
| 100 | @a20070811d2007 km y0chiy0120 ea | |
| 101 | 1 | @achi@ceng |
| 102 | @aCN@b430000 | |
| 105 | @aa z 000yy | |
| 200 | 1 | @a美丽水景@Amei li shui jing@d= The water garden@f(美) A.&G. Bridgewater著@F(mei)A.&G.Bridgewater zhu@g章小宇, 孔红秋, 赵科红译@Gzhang xiao yu,kong hong qiu,zhao ke hong yi@zeng |
| 210 | @a长沙@c湖南科学技术出版社@d2007.04 | |
| 215 | @a77页@c图@d29cm | |
| 225 | 2 | @aDIY巧手园艺系列@ADIY qiao shou yuan yi xi lie |
| 303 | @a本书无题名页,依封面著录。 | |
| 314 | @a责任者规范汉译姓 :布里奇沃特。 | |
| 330 | @a本书内容包括了:水景花园模式、评估你的花园、规划和建造、供氧和过滤、水景花园机械装置、简约城市水景花园、柳景水景花园等。 | |
| 410 | 0 | @12001 @aDIY巧手园艺系列 |
| 500 | 10 | @aWater garden@mChinese |
| 606 | 0 | @a理水 (园林)@Ali shui(yuan lin)@x景观设计@x基本知识 |
| 690 | @aTU986.4@v4 | |
| 701 | 1 | @a布里奇沃特@Abu li qi wo te@g(Bridgewater, G.)@4著 |
| 701 | 1 | @a布里奇沃特@Abu li qi wo te@g(Bridgewater, A.)@4著 |
| 702 | 0 | @a章小宇@Azhang xiao yu@4译 |
| 702 | 0 | @a孔红秋@Akong hong qiu@4译 |
| 702 | 0 | @a赵科红@Azhao ke hong@4译 |
| 801 | 0 | @aCN@c20070924 |
| 905 | @dTU986.4@eB983 | |
| 美丽水景= The water garden/(美) A.&G. Bridgewater著/章小宇, 孔红秋, 赵科红译.-长沙:湖南科学技术出版社,2007.04 |
| 77页:图;29cm.-(DIY巧手园艺系列) |
| ISBN 978-7-5357-4831-7:CNY28.00 |
| 本书内容包括了:水景花园模式、评估你的花园、规划和建造、供氧和过滤、水景花园机械装置、简约城市水景花园、柳景水景花园等。 |
| ● |
| 相关链接 |
|
|
|
正题名:美丽水景
索取号:TU986.4/B983
 
预约/预借
| 序号 | 登录号 | 条形码 | 馆藏地/架位号 | 状态 | 备注 |
| 1 | 258027 | 202580279 | 建筑库201/201建筑库 116排2列2层/ [索取号:TU986.4/B983] | 在馆 | |
| 2 | 258028 | 202580288 | 建筑库201/201建筑库 116排2列2层/ [索取号:TU986.4/B983] | 在馆 | |
| 3 | 258029 | 202580297 | 建筑库201/201建筑库 116排2列2层/ [索取号:TU986.4/B983] | 在馆 |